[Event "Bad Woerishofen op 33rd"]
[Site "Bad Woerishofen"]
[Date "2017.03.12"]
[Round "3"]
[White "Carrasco, Paul"]
[Black "Marian, Hartmut"]
[Result "1/2-1/2"]
[WhiteElo "1923"]
[BlackElo "2028"]
[PlyCount "52"]
[EventDate "2017.03.10"]
[EventType "swiss"]
[EventRounds "9"]
[EventCountry "GER"]
[SourceTitle "EXT 2018"]
[Source "ChessBase"]
[SourceDate "2017.10.13"]
[SourceVersion "1"]
[SourceVersionDate "2017.10.13"]
[SourceQuality "1"]

1. Nf3 Nf6 2. c4 g6 3. Nc3 Bg7 4. g3 0-0 5. Bg2 d6 6. 0-0 Nbd7 7. e4 e5 8. d3 c6 9. h3 a5 10. Be3 Ne8 11. Qd2 Nc5 12. d4 exd4 13. Nxd4 Ne6 14. Rad1 Qe7 15. f4 a4 16. f5 Nxd4 17. Bxd4 Be5 18. Kh2 f6 19. fxg6 hxg6 20. Ne2 Kg7 21. Bxe5 Qxe5 22. Qc3 Qxc3 23. Nxc3 Be6 24. b3 axb3 25. axb3 Ra3 26. Rb1 Kf7 1/2-1/2

[Event "Regionalliga SO 1011"]
[Site "Bayern"]
[Date "2011.04.10"]
[Round "9.8"]
[White "Reich, Christian"]
[Black "Marian, Hartmut"]
[Result "0-1"]
[WhiteElo "1692"]
[BlackElo "1994"]
[PlyCount "70"]
[EventDate "2010.10.10"]
[EventType "team-tourn"]
[EventRounds "9"]
[EventCountry "GER"]
[SourceTitle "EXT 2012"]
[Source "ChessBase"]
[SourceDate "2011.11.24"]
[SourceVersion "1"]
[SourceVersionDate "2011.11.24"]
[SourceQuality "1"]
[WhiteTeam "Straubing"]
[BlackTeam "Unterpfaff Germering"]
[WhiteTeamCountry "GER"]
[BlackTeamCountry "GER"]

1. e4 Nf6 2. Nc3 d5 3. e5 Ne4 4. d4 Nxc3 5. bxc3 c5 6. Bb5+ Nc6 7. Bxc6+ bxc6 8. Nf3 Bf5 9. 0-0 e6 10. Be3 Be7 11. dxc5 Qc7 12. Qd2 0-0 13. Rfb1 Rfc8 14. Rb2 Rab8 15. Rab1 Rxb2 16. Rxb2 Be4 17. Bd4 Qa5 18. c4 Qa6 19. Qb4 Bf8 20. Nd2 Bf5 21. h3 Rd8 22. c3 Bd3 23. cxd5 Rxd5 24. Nb3 h6 25. Nc1 Bc4 26. g4 Be7 27. f4 Bxc5 28. Bxc5 Rd1+ 29. Kf2 Rxc1 30. a3 Bd5 31. Re2 Qd3 32. Be3 Rh1 33. Qb8+ Kh7 34. Qb2 Qe4 35. Qc2 Qxc2 0-1

[Event "Regionalliga SO 1011"]
[Site "Bayern"]
[Date "2011.02.06"]
[Round "6.8"]
[White "Hauschild, Rudolf Jr"]
[Black "Marian, Hartmut"]
[Result "0-1"]
[WhiteElo "1822"]
[BlackElo "1963"]
[PlyCount "80"]
[EventDate "2010.10.10"]
[EventType "team-tourn"]
[EventRounds "9"]
[EventCountry "GER"]
[SourceTitle "EXT 2012"]
[Source "ChessBase"]
[SourceDate "2011.11.24"]
[SourceVersion "1"]
[SourceVersionDate "2011.11.24"]
[SourceQuality "1"]
[WhiteTeam "Waldkraiburg"]
[BlackTeam "Unterpfaff Germering"]
[WhiteTeamCountry "GER"]
[BlackTeamCountry "GER"]

1. c4 c5 2. Nc3 Nf6 3. g3 g6 4. Bg2 Bg7 5. Nf3 0-0 6. 0-0 Nc6 7. d3 d5 8. cxd5 Nxd5 9. Nxd5 Qxd5 10. Nd2 Qh5 11. Bf3 Bg4 12. Rb1 Nd4 13. Bxg4 Qxg4 14. Re1 Rfd8 15. Kg2 Rac8 16. b3 Nb5 17. Ne4 f5 18. Qc2 fxe4 19. Qc4+ Kf8 20. Qxb5 exd3 21. exd3 Qd7 22. Qxd7 Rxd7 23. Re3 Rcd8 24. Ba3 Bd4 25. Re4 Rd6 26. Rbe1 R8d7 27. Rd1 Ra6 28. Bc1 Rxa2 29. Rd2 Rxd2 30. Bxd2 Bf6 31. Re3 Ke8 32. f4 Rd6 33. Kf3 Rb6 34. b4 cxb4 35. Re1 a5 36. Rb1 Rc6 37. Ke4 Rd6 38. Be3 Bc3 39. d4 Kd7 40. g4 a4 0-1

[Event "Regionalliga SO 0910"]
[Site "Bayern"]
[Date "2010.03.21"]
[Round "8.8"]
[White "Knoblauch, Leonhard"]
[Black "Marian, Hartmut"]
[Result "0-1"]
[WhiteElo "1951"]
[BlackElo "1974"]
[PlyCount "86"]
[EventDate "2009.10.18"]
[EventType "team-tourn"]
[EventRounds "9"]
[EventCountry "GER"]
[SourceTitle "EXT 2011"]
[Source "ChessBase"]
[SourceDate "2010.11.26"]
[SourceVersion "1"]
[SourceVersionDate "2010.11.26"]
[SourceQuality "1"]
[WhiteTeam "Ilmmuenster"]
[BlackTeam "Unterpfaffenhofen"]
[WhiteTeamCountry "GER"]
[BlackTeamCountry "GER"]

1. e4 Nf6 2. e5 Nd5 3. d4 d6 4. c4 Nb6 5. exd6 cxd6 6. Nc3 g6 7. Be3 Bg7 8. Rc1 0-0 9. b3 Nc6 10. d5 Ne5 11. Be2 f5 12. f4 Ng4 13. Bd4 Bxd4 14. Qxd4 Nd7 15. Nf3 Nc5 16. 0-0 Qb6 17. Rfe1 Nf6 18. h3 Bd7 19. Kh2 Rae8 20. Rcd1 Nfe4 21. Bd3 Qa5 22. Bxe4 fxe4 23. Ng5 Rxf4 24. Rf1 Ref8 25. Rxf4 Rxf4 26. Qe3 Rf5 27. g4 Rxg5 28. Qxg5 Qxc3 29. Rf1 Qg7 30. Qf4 g5 31. Qe3 Qe5+ 32. Kh1 Nd3 33. Qxa7 Nf4 34. Qxb7 e3 35. Rxf4 Qxf4 36. Qxd7 Qf3+ 37. Kh2 Qf2+ 38. Kh1 Qf1+ 39. Kh2 Qf4+ 40. Kg2 Qf2+ 41. Kh1 Qf6 42. Kg2 e2 43. Qc8+ Kg7 0-1

[Event "Munich OIS op 29th"]
[Site "Munich"]
[Date "2009.10.03"]
[Round "1"]
[White "Koepke, Christian"]
[Black "Marian, Hartmut"]
[Result "1-0"]
[WhiteElo "2365"]
[BlackElo "2055"]
[PlyCount "45"]
[EventDate "2009.10.03"]
[EventType "swiss"]
[EventRounds "9"]
[EventCountry "GER"]
[SourceTitle "EXT 2010"]
[Source "ChessBase"]
[SourceDate "2010.11.25"]
[SourceVersion "1"]
[SourceVersionDate "2010.11.25"]
[SourceQuality "1"]

1. e4 Nf6 2. e5 Nd5 3. d4 d6 4. c4 Nb6 5. exd6 cxd6 6. Nc3 g6 7. Be3 Bg7 8. Rc1 0-0 9. b3 Bf5 10. Be2 d5 11. c5 Nc8 12. Bf3 Nc6 13. Bxd5 Nb4 14. Bc4 Qa5 15. Qd2 Rd8 16. Nd5 Rxd5 17. Bxd5 Nd3+ 18. Kd1 Qxd2+ 19. Kxd2 Nxc1 20. Kxc1 e5 21. Nf3 Ne7 22. Bxb7 Rb8 23. Ba6 1-0

[Event "Regionalliga SO 0708"]
[Site "Bayern"]
[Date "2007.12.09"]
[Round "4.7"]
[White "Marian, Hartmut"]
[Black "Huber, Edwin"]
[Result "0-1"]
[WhiteElo "2011"]
[BlackElo "2054"]
[PlyCount "116"]
[EventDate "2007.10.21"]
[EventType "team-tourn"]
[EventRounds "9"]
[EventCountry "GER"]
[SourceTitle "EXT 2009"]
[Source "ChessBase"]
[SourceDate "2008.11.26"]
[SourceVersion "1"]
[SourceVersionDate "2008.11.26"]
[SourceQuality "1"]
[WhiteTeam "Germering"]
[BlackTeam "Ilmmuenster"]
[WhiteTeamCountry "GER"]
[BlackTeamCountry "GER"]

1. d4 c5 2. c3 d5 3. Bf4 Nc6 4. e3 Qb6 5. Qb3 c4 6. Qc2 g6 7. Nf3 Bf5 8. Qc1 h6 9. Nbd2 g5 10. Bg3 Na5 11. h3 Rc8 12. Be2 Nf6 13. 0-0 Bg7 14. Re1 0-0 15. Ne5 Nc6 16. Bd1 Ne4 17. Nxe4 Bxe5 18. dxe5 dxe4 19. Be2 Qc5 20. Rd1 b5 21. a4 a6 22. axb5 axb5 23. Ra6 Nxe5 24. Bxe5 Qxe5 25. Rd4 Rfd8 26. Qd2 Qc7 27. Qd1 Kg7 28. Bg4 Bxg4 29. Qxg4 Rxd4 30. exd4 Qb7 31. Ra1 Ra8 32. Re1 e6 33. Qxe4 Qxe4 34. Rxe4 Ra2 35. Re2 b4 36. Kf1 b3 37. f3 Ra1+ 38. Kf2 Rc1 39. Ke3 f5 40. Rd2 Kf7 41. Re2 Rf1 42. Kd2 Rb1 43. Ke3 f4+ 44. Kf2 Kf6 45. Rd2 Kg6 46. Re2 Kf5 47. Re5+ Kf6 48. Re2 h5 49. Rd2 Rc1 50. Ke2 Rb1 51. Kf2 Ke7 52. Re2 Kd6 53. Rd2 Kc6 54. Re2 Kb5 55. Rd2 Ka4 56. Ke2 Rxb2 57. Rxb2 Ka3 58. Rb1 Ka2 0-1

[Event "Regionalliga SO 0708"]
[Site "Bayern"]
[Date "2007.11.04"]
[Round "2.8"]
[White "Marian, Hartmut"]
[Black "Litzka, Matthias"]
[Result "1/2-1/2"]
[WhiteElo "2011"]
[BlackElo "2184"]
[PlyCount "87"]
[EventDate "2007.10.21"]
[EventType "team-tourn"]
[EventRounds "9"]
[EventCountry "GER"]
[SourceTitle "EXT 2009"]
[Source "ChessBase"]
[SourceDate "2008.11.26"]
[SourceVersion "1"]
[SourceVersionDate "2008.11.26"]
[SourceQuality "1"]
[WhiteTeam "Germering"]
[BlackTeam "Starnberg"]
[WhiteTeamCountry "GER"]
[BlackTeamCountry "GER"]

1. d4 Nf6 2. Bf4 c5 3. e3 d5 4. Nf3 Nc6 5. c3 Bg4 6. Nbd2 e6 7. Be2 Be7 8. 0-0 0-0 9. Re1 Nh5 10. dxc5 Nxf4 11. exf4 Bxc5 12. Ne5 Bf5 13. Nb3 Bd6 14. Bd3 Bxd3 15. Qxd3 Qc7 16. Nxc6 bxc6 17. g3 Rab8 18. c4 Rfe8 19. Rac1 Qd7 20. Re2 Be7 21. Rce1 Bf6 22. f5 e5 23. cxd5 cxd5 24. Nc5 Qc6 25. Rc1 e4 26. Qb1 Qb5 27. Rec2 Bxb2 28. a4 Qb4 29. Na6 Qa3 30. Nxb8 Bxc1 31. Rxc1 Qxa4 32. Nc6 d4 33. Qa1 Qxa1 34. Rxa1 d3 35. Kf1 Kf8 36. Ke1 Rc8 37. Nd4 Rc4 38. Nb3 Ke7 39. Rxa7+ Kf6 40. Ra5 Rc3 41. Nd4 Rc1+ 42. Kd2 Rf1 43. f3 exf3 44. Kxd3 1/2-1/2

[Event "Baden-ch MA"]
[Site "Eppingen"]
[Date "2004.04.13"]
[Round "6"]
[White "Waffenschmidt, Joachim"]
[Black "Marian, Hartmut"]
[Result "1-0"]
[WhiteElo "2114"]
[BlackElo "2039"]
[PlyCount "50"]
[EventDate "2004.04.??"]
[EventType "swiss"]
[EventRounds "11"]
[EventCountry "GER"]
[SourceTitle "EXT 2005"]
[Source "ChessBase"]
[SourceDate "2004.11.15"]
[SourceVersion "1"]
[SourceVersionDate "2004.11.15"]
[SourceQuality "1"]

1. d4 Nf6 2. c4 c5 3. d5 e6 4. Nc3 exd5 5. cxd5 d6 6. Nf3 g6 7. Bf4 Bg7 8. Qa4+ Bd7 9. Qb3 Qc7 10. h3 0-0 11. e3 a6 12. a4 Bc8 13. Nd2 Nbd7 14. Nc4 Ne8 15. Ne4 Be5 16. Nxe5 dxe5 17. Bh6 Ng7 18. Bc4 Qa5+ 19. Ke2 Nb6 20. Rhd1 Nxc4 21. Qxc4 Qb6 22. b3 Bd7 23. Qxc5 Qd8 24. Qd6 f6 25. g4 Ne8 1-0

[Event "Baden-ch MA"]
[Site "Eppingen"]
[Date "2004.04.10"]
[Round "3"]
[White "Marian, Hartmut"]
[Black "Kubacsny, Vilmos"]
[Result "0-1"]
[WhiteElo "2039"]
[BlackElo "2174"]
[PlyCount "72"]
[EventDate "2004.04.??"]
[EventType "swiss"]
[EventRounds "11"]
[EventCountry "GER"]
[SourceTitle "EXT 2005"]
[Source "ChessBase"]
[SourceDate "2004.11.15"]
[SourceVersion "1"]
[SourceVersionDate "2004.11.15"]
[SourceQuality "1"]

1. d4 Nf6 2. Bf4 e6 3. e3 d5 4. Nf3 Be7 5. Ne5 0-0 6. Bd3 c5 7. c3 Qb6 8. Qc2 c4 9. Be2 Bd7 10. Nd2 Qd8 11. g4 b5 12. h4 Nc6 13. g5 Ne8 14. Ndf3 Nxe5 15. dxe5 Nc7 16. h5 Be8 17. 0-0-0 b4 18. Bxc4 bxc3 19. Bd3 cxb2+ 20. Kxb2 Rb8+ 21. Ka1 Nb5 22. Bxb5 Bxb5 23. g6 f5 24. Nd4 Qa5 25. Nb3 Qa6 26. f3 Bb4 27. gxh7+ Kh8 28. Rc1 Rfc8 29. Qb2 Rxc1+ 30. Rxc1 Rc8 31. Qg2 Rc4 32. Rxc4 dxc4 33. Nd4 Qa5 34. Nxb5 c3 35. Qc2 Qxb5 36. Qc1 Ba3 0-1

[Event "Boeblingen op 17th"]
[Site "Boeblingen"]
[Date "2000.12.27"]
[Round "2"]
[White "Florea, Dan"]
[Black "Marian, Hartmut"]
[Result "1/2-1/2"]
[WhiteElo "2298"]
[BlackElo "2046"]
[PlyCount "58"]
[EventDate "2000.12.27"]
[EventType "swiss"]
[EventRounds "9"]
[EventCountry "GER"]
[SourceTitle "EXT 2006"]
[Source "ChessBase"]
[SourceDate "2005.11.24"]
[SourceVersion "1"]
[SourceVersionDate "2005.11.24"]
[SourceQuality "1"]

1. d4 Nf6 2. c4 c5 3. d5 e6 4. Nc3 exd5 5. cxd5 d6 6. e4 g6 7. Be2 Bg7 8. Nf3 0-0 9. Bg5 Re8 10. Nd2 b6 11. 0-0 Ba6 12. f4 Bxe2 13. Qxe2 Nbd7 14. Rae1 Qb8 15. Qd3 a6 16. a4 Ra7 17. Nf3 b5 18. axb5 axb5 19. e5 c4 20. Qd4 Ng4 21. Nxb5 Rb7 22. Nxd6 Qxd6 23. exd6 Bxd4+ 24. Nxd4 Rxe1 25. Rxe1 Rxb2 26. h3 h6 27. Re8+ Kg7 28. hxg4 hxg5 29. fxg5 Rd2 1/2-1/2

[Event "Pyramiden Franken Cup 3rd"]
[Site "Fuerth"]
[Date "2000.08.22"]
[Round "4"]
[White "Lowitz, Torsten"]
[Black "Marian, Hartmut"]
[Result "0-1"]
[WhiteElo "1579"]
[BlackElo "1938"]
[PlyCount "104"]
[EventDate "2000.08.19"]
[EventType "swiss"]
[EventRounds "9"]
[EventCountry "GER"]
[SourceTitle "EXT 2010"]
[Source "ChessBase"]
[SourceDate "2010.11.25"]
[SourceVersion "1"]
[SourceVersionDate "2010.11.25"]
[SourceQuality "1"]

1. e4 Nf6 2. e5 Nd5 3. d4 d6 4. exd6 exd6 5. c4 Nb6 6. Nc3 Be7 7. b3 0-0 8. Nf3 Nc6 9. Be2 Bf5 10. Bd3 Qd7 11. 0-0 Rfe8 12. Ne2 Bg4 13. Qc2 g6 14. Be4 d5 15. Bxd5 Nxd5 16. cxd5 Nb4 17. Qc3 Nxd5 18. Qd3 Bd6 19. a3 Bf5 20. Qd1 Re7 21. Ng3 Rae8 22. Nxf5 Qxf5 23. Re1 Rxe1+ 24. Nxe1 Nc3 25. Qd2 Ne2+ 26. Kf1 Bf4 27. Qd1 Nxc1 28. Rxc1 Bxc1 29. Qxc1 Qb5+ 30. Kg1 Qxb3 31. Nf3 Re2 32. h3 Qc2 33. Qg5 Re8 34. Ne5 Qf5 35. Qd2 f6 36. Nf3 Kg7 37. Qc3 c6 38. Qb4 Qd7 39. Qd2 Qd6 40. Qb2 Re7 41. Kf1 Qd5 42. Kg1 a6 43. Qb4 Kf7 44. Qc3 Rd7 45. Kh1 Rc7 46. Kg1 Kg7 47. Kh1 Qd6 48. Nd2 c5 49. dxc5 Qxc5 50. Qg3 Qe5 51. Qd3 Rc1+ 52. Nf1 Qb5 0-1

[Event "Passau op 5th"]
[Site "Passau"]
[Date "1997.??.??"]
[Round "1"]
[White "Marian, Hartmut"]
[Black "Walgenbach, Martin"]
[Result "1-0"]
[WhiteElo "2035"]
[BlackElo "1605"]
[PlyCount "63"]
[EventDate "1997.05.??"]
[EventType "swiss"]
[EventRounds "7"]
[EventCountry "GER"]
[SourceTitle "EXT 2001"]
[Source "ChessBase"]
[SourceDate "2000.11.22"]
[SourceVersion "1"]
[SourceVersionDate "2000.11.22"]
[SourceQuality "1"]

1. e4 c5 2. c3 Nc6 3. d4 cxd4 4. cxd4 d6 5. Nc3 g6 6. Nf3 e6 7. Be2 Bg7 8. 0-0 Nge7 9. Be3 0-0 10. Qd2 f5 11. d5 fxe4 12. Nxe4 Nxd5 13. Bg5 Qb6 14. Rab1 Ne5 15. Rfd1 Nxf3+ 16. Bxf3 Bd7 17. Nc3 Be5 18. Bxd5 exd5 19. Nxd5 Qc5 20. Be3 Qb5 21. Nc7 Qc4 22. Nxa8 Qh4 23. g3 Qh3 24. f4 Bf6 25. Nc7 Bc6 26. Nd5 Kg7 27. Bd4 Bxd4+ 28. Qxd4+ Kh6 29. Rd2 Rf5 30. Ne3 Rf8 31. f5 gxf5 32. Qxd6+ 1-0